The Malay dilemma

Bibliographic Details
Main Author: Mahathir bin Mohamad
Format: Book
Published: Petaling Jaya : Federal , 1983
Subjects:

MARC

LEADER 00000cam a2200000 7i4500
001 0000003943
005 20050630.0
040 |a INS 
090 0 0 |a DS595.2.M3.   |b M33 1983 
100 0 |a Mahathir bin Mohamad 
245 1 4 |a The Malay dilemma   |c Dr. Mahathir Mohammad 
260 |a Petaling Jaya :   |b Federal ,   |c 1983 
300 |a vip :   |b 188p ;   |c 21cm. 
650 0 0 |a Social change 
650 0 0 |a Social history   |y 20th century 
999 |a 0000001725   |b BOOK   |c Open Shelf   |e Default branch 
999 |a 0000018640   |b BOOK   |c Open Shelf   |e Default branch 
999 |a 0000018641   |b BOOK   |c Open Shelf   |e Default branch 
999 |a 0000018642   |b BOOK   |c Open Shelf   |e Default branch 
999 |a 0000018643   |b BOOK   |c Open Shelf   |e Default branch